000 00538nam a2200193 a 4500
005 20210219153451.0
008 991125n 000 0 spa u
035 _aUPN01000101609
100 _aSCHULTER, Lily
222 _aCOMUNICACION EDUCATIVA SEP
245 _aUna tarea olvidada : la educación física : también tarea primordial
300 _a18
362 _a1981 Año 2, no. 4, feb.
653 0 _aEDUCACION FISICA
653 0 _aEJERCICIOS FISICOS
653 0 _aSALUD FISICA
904 _aAC
_b039420
905 _aArticulo
999 _c77660
_d77660